00473nmm a2200169Ia 4500008004100000020001800041041000800059100001400067245005100081264004200132300001800174490001400192650002200206856005100228942000700279999001700286251105s9999||||xx |||||||||||||||||und|| a9788496290686 aspa aAnónimo 0aLazarillo de Tormes (Primera y segunda partes) a[Madrid, España] :bLinkgua, c2011 a160 páginas aNarrativa aSpanish narrative uhttps://public.digitaliapublishing.com/a/15010 cCF c89775d89775